00305nam a2200121Ia 4500008004100000100003200041245003100073260003000104300000900134650001600143942000700159999001700166190216s9999||||xx |||||||||||||| ||und|| aCozzens John And Faith Carl 0a69 Simple Noetherian Rings bCambridge Uty Pressc1975 a135p aMathematics cBK c30849d30849